[Event "Novorossiysk Small Land op"]
[Site "Novorossiysk"]
[Date "2023.07.18"]
[Round "2"]
[White "Nurzhanov, Valikhan"]
[Black "Polkovnikyan, Artem"]
[Result "0-1"]
[WhiteElo "2116"]
[BlackElo "1760"]
[PlyCount "120"]
[EventDate "2023.07.17"]
[EventType "swiss"]
[EventRounds "9"]
[EventCountry "RUS"]
[SourceTitle "CBM 215 Extra"]
[Source "ChessBase"]
[SourceDate "2023.09.30"]
[SourceVersion "1"]
[SourceVersionDate "2023.09.30"]
[SourceQuality "1"]

1. e4 c6 2. d4 d5 3. e5 Bf5 4. Nd2 e6 5. Nb3 a6 6. Nf3 Nd7 7. Be2 c5 8. dxc5 Bxc5 9. Nxc5 Nxc5 10. Be3 Qc7 11. 0-0 Ne7 12. Rc1 b5 13. c4 dxc4 14. Bxc4 bxc4 15. Rxc4 0-0 16. Bxc5 Rfd8 17. Bxe7 Qxe7 18. Rd4 Bg4 19. Qd3 Bxf3 20. Qxf3 Rac8 21. Rxd8+ Rxd8 22. Rd1 Rxd1+ 23. Qxd1 g6 24. Qd4 Qc7 25. h3 Qc6 26. a4 Qc7 27. b4 Qc6 28. a5 Kg7 29. Kh2 Qc1 30. g3 Qc2 31. Qb6 Qe2 32. Qe3 Qc4 33. Qf4 Qc2 34. g4 Qe2 35. h4 h6 36. h5 g5 37. Qf6+ Kg8 38. Qd8+ Kg7 39. Qd4 Qc2 40. Kg2 Qe2 41. Kg3 Qe1 42. Kf3 Qh1+ 43. Ke2 Qc1 44. f3 Qc2+ 45. Qd2 Qc4+ 46. Kf2 Qb3 47. f4 gxf4 48. Qxf4 Qb2+ 49. Kg1 Qb1+ 50. Kg2 Qb2+ 51. Kh3 Qc3+ 52. Qg3 Qxb4 53. g5 Qe4 54. gxh6+ Kxh6 55. Qc3 Kxh5 56. Qc7 Qf3+ 57. Kh2 Kg4 58. Qb8 Qe2+ 59. Kh1 Kg3 60. Qg8+ Qg4 0-1

[Event "Cheliabinsk Lozovatsky Memorial-A"]
[Site "Cheliabinsk"]
[Date "2023.02.05"]
[Round "10"]
[White "Nurzhanov, Valikhan"]
[Black "Lisenkov, Svyatoslav"]
[Result "0-1"]
[WhiteElo "2076"]
[BlackElo "2199"]
[PlyCount "60"]
[EventDate "2023.01.27"]
[EventType "swiss"]
[EventRounds "10"]
[EventCountry "RUS"]
[SourceTitle "CBM 212 Extra"]
[Source "ChessBase"]
[SourceDate "2023.03.31"]
[SourceVersion "1"]
[SourceVersionDate "2023.03.31"]
[SourceQuality "1"]

1. e4 c5 2. Be2 d5 3. d3 Nc6 4. f4 g6 5. Nf3 Bg7 6. 0-0 e6 7. c3 Nge7 8. e5 0-0 9. Be3 d4 10. Bf2 f6 11. exf6 Rxf6 12. Qd2 Bh6 13. Ng5 Nd5 14. Bh4 Qf8 15. g3 Ne3 16. Rf3 e5 17. cxd4 cxd4 18. fxe5 Rxf3 19. Nxf3 Bg4 20. Bf6 Bxf3 21. Bxf3 Nxe5 22. Bxe5 Qxf3 23. Na3 Rf8 24. h3 Qd5 25. Bf4 Bxf4 26. gxf4 Rxf4 27. Nc4 Qg5+ 28. Kh2 Rf1 29. Qxe3 Qxe3 30. Rxf1 Qxd3 0-1

[Event "Cheliabinsk Lozovatsky Memorial-A"]
[Site "Cheliabinsk"]
[Date "2023.02.03"]
[Round "8"]
[White "Nurzhanov, Valikhan"]
[Black "Tunik, Gennady"]
[Result "1/2-1/2"]
[WhiteElo "2076"]
[BlackElo "2293"]
[PlyCount "97"]
[EventDate "2023.01.27"]
[EventType "swiss"]
[EventRounds "10"]
[EventCountry "RUS"]
[SourceTitle "CBM 212 Extra"]
[Source "ChessBase"]
[SourceDate "2023.03.31"]
[SourceVersion "1"]
[SourceVersionDate "2023.03.31"]
[SourceQuality "1"]

1. e4 c5 2. Nf3 e6 3. g3 Nc6 4. Bg2 Nf6 5. Qe2 e5 6. 0-0 d6 7. c3 Be7 8. d3 0-0 9. Na3 Rb8 10. Nc2 b5 11. d4 cxd4 12. cxd4 Bg4 13. d5 Nd4 14. Ncxd4 exd4 15. Qd3 Bxf3 16. Bxf3 Qb6 17. Rd1 Nd7 18. Qxd4 Qxd4 19. Rxd4 Bf6 20. Rd1 Nc5 21. Bf4 Rfd8 22. Rd2 Na4 23. Rb1 b4 24. Bd1 Nc5 25. f3 Kf8 26. Rc1 Rb5 27. Rc4 Ke7 28. Be3 Rdb8 29. f4 Nd7 30. Ba4 Ra5 31. b3 Bc3 32. Rc7 Rxa4 33. bxa4 Bxd2 34. Bxd2 a6 35. Ra7 Ke8 36. Kf2 b3 37. axb3 Rxb3 38. Be3 Nf6 39. Kf3 Rb4 40. Ra8+ Kd7 41. e5 dxe5 42. fxe5 Nxd5 43. Rxa6 Nxe3 44. Kxe3 Ke7 45. a5 Ra4 46. Kd3 h5 47. Ra7+ Ke6 48. a6 g5 49. Ke3 1/2-1/2

[Event "Sochi Doroshkevich Amateur op"]
[Site "Sochi"]
[Date "2017.12.28"]
[Round "9"]
[White "Nurzhanov, Valikhan"]
[Black "Kozak, Alexander"]
[Result "1-0"]
[WhiteElo "2027"]
[BlackElo "2315"]
[PlyCount "57"]
[EventDate "2017.12.21"]
[EventType "swiss"]
[EventRounds "9"]
[EventCountry "RUS"]
[SourceTitle "CBM 182 Extra"]
[Source "ChessBase"]
[SourceDate "2018.02.23"]
[SourceVersion "1"]
[SourceVersionDate "2018.02.23"]
[SourceQuality "1"]

1. e4 d5 2. exd5 Nf6 3. d4 Bg4 4. Be2 Bxe2 5. Nxe2 Qxd5 6. 0-0 Nc6 7. b3 0-0-0 8. c4 Qh5 9. Bb2 Nxd4 10. Nxd4 Qxd1 11. Rxd1 e5 12. Nc3 Rxd4 13. Rxd4 exd4 14. Nb5 c5 15. Nxa7+ Kd7 16. Nb5 Ne4 17. b4 b6 18. a4 cxb4 19. Bxd4 Bc5 20. f3 Bxd4+ 21. Nxd4 Nd6 22. Rb1 Rc8 23. Nc2 Nxc4 24. Nxb4 Ra8 25. Nd5 Ke6 26. Nc3 Rd8 27. Ne4 f5 28. Rc1 Rd4 29. Ng3 1-0